Largest Cities on Each Continent Beginning with 'T' - Statistics

General Stats
  • This quiz has been taken 420 times
  • The average score is 13 of 33
Answer Stats
Continent Population Answer % Correct
Asia 40,500,000 Tōkyō
96%
North America 7,650,000 Toronto
93%
Europe 1,610,000 Turin
85%
Asia 15,500,000 Tehrān
77%
Asia 13,200,000 Tiānjīn
75%
Africa 2,725,000 Tūnis
71%
North America 4,475,000 Tampa
69%
Asia 9,150,000 Taipei
68%
Asia 3,300,000 Tashkent
63%
North America 2,100,000 Tijuana
61%
Africa 1,290,000 Tripoli
58%
North America 1,170,000 Tegucigalpa
57%
Europe 1,080,000 Toulouse
54%
Europe 806,635 Thessaloníki
48%
Africa 1,140,000 Tangier
46%
Europe 705,369 Tirana
44%
Asia 4,175,000 Tàiyuán
35%
North America 2,550,000 Toluca
35%
Oceania 183,322 Townsville
27%
South America 1,040,000 Teresina
25%
Europe 580,281 Toulon
24%
South America 986,000 Trujillo
20%
North America 1,370,000 Torreón
16%
Africa 1,110,000 Touba
15%
Europe 693,072 Tolyatti
14%
Oceania 155,200 Tauranga
13%
Oceania 139,526 Toowoomba
10%
Africa 380,787 Tétouan
5%
Africa 564,449 Ṭanṭā
3%
South America 321,700 Tacna
1%
South America 313,900 Taubaté
1%
South America 397,500 Turmero
1%
South America 397,854 Tubarão
0%
No matching quizzes found
Score Distribution
Percent of People with Each Score
Percentile by Number Answered
Your Score History
You have not taken this quiz